| 000 | 00822cam a2200241K 4500 | ||
|---|---|---|---|
| 082 | 0 | 4 |
_a621.4021 _bBAR _cL-12, P-6 |
| 100 | 1 |
_aBarnard, Wm. N. _941782 |
|
| 245 | 1 | 0 | _aHeat-power engineering ... |
| 250 | _a3d ed. | ||
| 260 |
_aNew York, _bWiley, _c1933-1935, c1912-1935. |
||
| 300 |
_a1 online resource (3 v.) _billus., pl., diagrs. |
||
| 526 |
_a0 _b0 _c0 _d621_402100000000000_BAR |
||
| 650 | 0 |
_aHeat-engines. _938614 |
|
| 650 | 0 |
_aMCE _9379 |
|
| 650 | 0 |
_aThermodynamics. _97134 |
|
| 650 | 7 |
_aGeracao, Instalacoes E Equipamentos De Vapor. _941783 |
|
| 650 | 7 |
_aMotores De Combustao Interna. _941784 |
|
| 700 | 1 |
_aEllenwood, Frank Oakes, _941785 |
|
| 700 | 1 |
_aHirshfeld, C. F. _941786 |
|
| 700 | 1 |
_aHirshfeld, C. F. _941786 |
|
| 856 | 4 | 0 | _uhttp://catalog.hathitrust.org/api/volumes/oclc/8183930.html |
| 942 |
_2ddc _cBK |
||
| 999 |
_c545825 _d545825 |
||